| 000 | 01283cam a22003135a 4500 | ||
|---|---|---|---|
| 999 |
_c27241 _d27212 |
||
| 001 | 3525915 | ||
| 005 | 20190317112209.0 | ||
| 008 | 960828t1997 enka frb 010 0 eng d | ||
| 010 | _a 96035156 | ||
| 020 | _a1858981751 | ||
| 040 |
_aDLC _beng _cDLC _dDLC _dEG-ScBUE |
||
| 082 | 0 | 4 |
_a382 _bTRA _222 |
| 245 | 0 | 0 |
_aTrade, technology and economics : _bessays in honour of Richard G. Lipsey / _cedited by B. Curtis Eaton and Richard G. Harris. |
| 260 |
_aCheltenham, UK ; _aBrookfield, Vt., US : _bEdward Elgar Publishing, _cc.1997. |
||
| 300 |
_axvi, 340 p. : _bill. ; _c24 cm. |
||
| 504 | _aIncludes bibliographical references and index. | ||
| 520 | _aTrade, Technology and Economics represents a careful selection of papers from some of the world's most influential economists of today reflecting areas in which Richard G. Lipsey has made fundamental contributions. | ||
| 650 | 7 |
_aCommerce. _2BUEsh |
|
| 650 | 7 |
_aCommercial policy. _2BUEsh |
|
| 650 | 7 |
_aIndustrial organization. _2BUEsh |
|
| 650 | 7 |
_aMacroeconomics. _2BUEsh |
|
| 651 | _2BUEsh | ||
| 653 |
_bLLAAWW _bBUSECO _cMarch2019 |
||
| 655 | _vReading book | ||
| 700 | 1 |
_aLipsey, Richard G., _d1928- _99041 |
|
| 700 | 1 |
_aEaton, Buford Curtis, _d1943-, _eeditor. |
|
| 700 | 1 |
_aHarris, Richard G., _eeditor. |
|
| 942 | _2ddc | ||